| 000 | 00462 a2200169 4500 | ||
|---|---|---|---|
| 003 | OSt | ||
| 005 | 20180116182927.0 | ||
| 008 | 160502b xxu||||| |||| 00| 0 eng d | ||
| 040 | _c0 | ||
| 100 | _aHoeard E. Wasdin | ||
| 110 | _aStephen Templin | ||
| 245 |
_aSeal Team Six Memoirs fo an Elite Navy Seal Sniper. _cHoeard E. Wasdin |
||
| 260 |
_aSphere _c2011 |
||
| 600 | _aHoeard E. Wasdin | ||
| 700 | _aHoeard E. Wasdin | ||
| 942 |
_aNBS _cBK _k359.0092 WAS _2ddc |
||
| 999 |
_c348704 _d348704 |
||